A nonlinear dynamics perspective of Wolfram's new kind of science (Record no. 35958)
[ view plain ]
| 000 -LEADER | |
|---|---|
| fixed length control field | 01593nam a2200373 a 4500 |
| 082 04 - DEWEY DECIMAL CLASSIFICATION NUMBER | |
| Classification number | 511.3/5 |
| 100 1# - MAIN ENTRY--AUTHOR NAME | |
| Personal name | Chua, Leon O., |
| 245 12 - TITLE STATEMENT | |
| Title | A nonlinear dynamics perspective of Wolfram's new kind of science |
| 260 ## - PUBLICATION, DISTRIBUTION, ETC. (IMPRINT) | |
| Place of publication | Singapore ; |
| -- | Hackensack, N.J. : |
| Name of publisher | World Scientific, |
| Year of publication | 2013. |
| 300 ## - PHYSICAL DESCRIPTION | |
| Number of Pages | x, 568 p. |
| 490 1# - SERIES STATEMENT | |
| Series statement | Nonlinear dynamics perspective of Wolfram's new kind of science ; |
| Series statement | World Scientific series on nonlinear science. Series A ; |
| 650 #0 - SUBJECT ADDED ENTRY--TOPICAL TERM | |
| Topical Term | Cellular automata. |
| Topical Term | Computational complexity. |
| Topical Term | Dynamics. |
| Topical Term | Nonlinear theories. |
| 856 40 - ELECTRONIC LOCATION AND ACCESS | |
| Uniform Resource Identifier | http://site.ebrary.com/lib/rucke/Doc?id=10742814 |
No items available.
